000 00281nam a2200109Ia 4500
008 200302s9999 xx 000 0 und d
100 _aAmina Okada
245 _aIndian Miniatures of the Mughal Court
260 _bHarry N. Abrams, Inc Publishers
260 _c1992
300 _a239 P.,
999 _c2143
_d2143